[Event "February TNT"]
[Site "Winnipeg CAN"]
[Date "2018.02.20"]
[Round "3.3"]
[White "Letain, Cory"]
[Black "Le Dorze, Phil"]
[Result "1-0"]
[WhiteElo "1644"]
[BlackElo "1844"]
[PlyCount "64"]
[EventDate "2018.02.06"]
[EventType "swiss"]
[EventRounds "4"]
[EventCountry "CAN"]

1. e4 g6 2. d4 Bg7 3. Nf3 d6 4. Be3 Nd7 5. Bd3 e5 6. c3 Ngf6 7. Nbd2 Ng4 8. Bg5
f6 9. Bh4 h5 10. h3 g5 11. Bg3 h4 12. Bxh4 gxh4 13. hxg4 Nb6 14. Rxh4 Bxg4 15.
Rxg4 Rh1+ 16. Nf1 Qd7 17. Rh4 Rxh4 18. Nxh4 O-O-O 19. Nf5 d5 20. Qc2 exd4 21.
O-O-O dxc3 22. Nxg7 dxe4 23. Be2 cxb2+ 24. Qxb2 Qxg7 25. Rxd8+ Kxd8 26. Qd4+
Kc8 27. Qxe4 Kb8 28. Qe8+ Nc8 29. Qe4 Nd6 30. Qg4 Qf7 31. Qa4 Qd5 32. Ne3 b5
1-0

[Event "February TNT"]
[Site "Winnipeg CAN"]
[Date "2018.02.20"]
[Round "3.4"]
[White "Magyar, Peter"]
[Black "Remillard, John"]
[Result "0-1"]
[WhiteElo "1518"]
[BlackElo "1653"]
[PlyCount "80"]
[EventDate "2018.02.06"]
[EventType "swiss"]
[EventRounds "4"]
[EventCountry "CAN"]

1. d4 Nf6 2. Bf4 e6 3. e3 c5 4. c3 cxd4 5. cxd4 Nd5 6. Bg3 Bb4+ 7. Nd2 O-O 8.
Ngf3 Nc6 9. Bc4 Nb6 10. Bb3 Na5 11. Bc2 Nbc4 12. O-O Nxb2 13. Bxh7+ Kxh7 14.
Qc2+ Kg8 15. Qxb2 Qe7 16. Bh4 f6 17. Bg3 b6 18. Ne4 Ba6 19. Rfd1 Nc4 20. Qb3 d5
21. Ned2 Rfc8 22. Qb1 Bc3 23. Qg6 Bxa1 24. Rxa1 Nxd2 25. Nxd2 Qf7 26. Qg4 Rc2
27. Nf3 Rac8 28. h3 Rc1+ 29. Rxc1 Rxc1+ 30. Kh2 Be2 31. Bf4 Ra1 32. Qg3 Bxf3
33. gxf3 Rxa2 34. Bh6 Kh7 35. Bf4 Qg6 36. Qh4+ Kg8 37. Bg3 Qg5 38. Qg4 Qxg4 39.
fxg4 b5 40. Kg1 b4 0-1

[Event "February TNT"]
[Site "Winnipeg CAN"]
[Date "2018.02.20"]
[Round "3.5"]
[White "Flynn, Darren"]
[Black "Furda, Ievgeniia-Diana"]
[Result "1/2-1/2"]
[WhiteElo "1337"]
[BlackElo "1528"]
[PlyCount "60"]
[EventDate "2018.02.06"]
[EventType "swiss"]
[EventRounds "4"]
[EventCountry "CAN"]

1. e4 e5 2. Nf3 Nc6 3. Bc4 Nf6 4. Nc3 Nxe4 5. O-O Nxc3 6. dxc3 d6 7. Ng5 Be6 8.
Nxe6 fxe6 9. Qh5+ g6 10. Qg4 Ne7 11. Bg5 d5 12. Rad1 Qd7 13. Bf6 Rg8 14. Bxe5
O-O-O 15. Bf6 Qc6 16. Bb3 Re8 17. Ba4 b5 18. Bb3 Nf5 19. a4 a6 20. axb5 axb5
21. Qf3 Bg7 22. Bg5 h6 23. Be3 Nxe3 24. Qxe3 Kb7 25. Ra1 Ra8 26. h3 Qb6 27. Qf3
Rgf8 28. Bxd5+ exd5 29. Qxd5+ Qc6 30. Qb3 g5 1/2-1/2

[Event "February TNT"]
[Site "Winnipeg CAN"]
[Date "2018.02.20"]
[Round "3.6"]
[White "Leaden, Bruce"]
[Black "Myrzaibraimov, Azamat"]
[Result "1-0"]
[WhiteElo "1527"]
[BlackElo "1478"]
[PlyCount "152"]
[EventDate "2018.02.06"]
[EventType "swiss"]
[EventRounds "4"]
[EventCountry "CAN"]

1. e4 d5 2. exd5 Qxd5 3. Nc3 Qa5 4. Bc4 Nf6 5. d3 Nc6 6. Bd2 Qe5+ 7. Qe2 e6 8.
Bb5 Qxe2+ 9. Ngxe2 Bd7 10. O-O Bd6 11. Ne4 Nxe4 12. dxe4 Be5 13. Nc3 O-O-O 14.
Rfd1 Nd4 15. Bd3 a6 16. f4 Bd6 17. Kh1 e5 18. f5 f6 19. Nd5 Bc6 20. c3 Bxd5 21.
cxd4 Bc6 22. d5 Be8 23. Rac1 Bh5 24. Re1 g6 25. Rf1 Rdf8 26. a3 gxf5 27. exf5
Bf7 28. Be4 Rhg8 29. Bh6 Rd8 30. Rf3 Rg4 31. Re3 Rdg8 32. Re2 Rd8 33. b4 Be8
34. Rc3 Bb5 35. Re1 Rh4 36. Bd2 Rg4 37. h3 Rgg8 38. Bh6 Bf8 39. Bxf8 Rgxf8 40.
Rg3 h5 41. h4 Rd6 42. Rc1 Be2 43. Rg7 Rd7 44. Rxd7 Kxd7 45. Rc2 Bg4 46. a4 Kd6
47. Rc3 Rc8 48. Kg1 c6 49. dxc6 bxc6 50. b5 axb5 51. axb5 c5 52. b6 Rb8 53.
Rd3+ Ke7 54. b7 Be2 55. Ra3 Kd7 56. Kf2 Bb5 57. Ra8 Kc7 58. Ke3 c4 59. Kd2 Be8
60. Kc3 Bf7 61. Ra5 Kb6 62. Ra8 Kc7 63. Ra6 Rxb7 64. Bxb7 Kxb7 65. Rxf6 Bd5 66.
g3 e4 67. Rd6 Bg8 68. Rd1 Kc6 69. Rg1 Bd5 70. f6 Be6 71. Rf1 Bf7 72. Kd4 e3 73.
Kxe3 Kc5 74. Kd2 Bg6 75. Kc1 Bf7 76. Rf4 Kb4 1-0

[Event "February TNT"]
[Site "Winnipeg CAN"]
[Date "2018.02.20"]
[Round "3.7"]
[White "Wirtzfeld, Ryan"]
[Black "Myrzaibraimova, Aibike"]
[Result "0-1"]
[WhiteElo "1347"]
[BlackElo "1505"]
[PlyCount "62"]
[EventDate "2018.02.06"]
[EventType "swiss"]
[EventRounds "4"]
[EventCountry "CAN"]

1. e4 d5 2. d4 dxe4 3. Nc3 Nf6 4. Be3 Bf5 5. Qd2 e6 6. Bc4 Nc6 7. d5 Nb4 8.
dxe6 Qxd2+ 9. Kxd2 O-O-O+ 10. Kc1 fxe6 11. a3 Nbd5 12. Nxd5 exd5 13. Be2 Bg4
14. Bg5 h5 15. f3 Bf5 16. g4 hxg4 17. fxg4 Bg6 18. h4 Rd6 19. Nh3 d4 20. Nf4
Bh7 21. b4 a6 22. Kb2 e3 23. Rag1 Rc6 24. Nd3 Be4 25. Rh3 Nd5 26. Nc5 Bxc5 27.
bxc5 Rxc5 28. Bd3 Bxd3 29. cxd3 Rb5+ 30. Kc2 Nc3 31. Re1 Rxg5 0-1

[Event "February TNT"]
[Site "Winnipeg CAN"]
[Date "2018.02.27"]
[Round "4.2"]
[White "Remillard, John"]
[Black "Letain, Cory"]
[Result "0-1"]
[WhiteElo "1653"]
[BlackElo "1644"]
[PlyCount "70"]
[EventDate "2018.02.06"]
[EventType "swiss"]
[EventRounds "4"]
[EventCountry "CAN"]

1. Nf3 Nf6 2. c4 g6 3. b3 Bg7 4. Bb2 O-O 5. d4 d6 6. Nbd2 Nbd7 7. e4 c5 8. d5
Qa5 9. Qc2 Re8 10. Bd3 e6 11. O-O exd5 12. exd5 Ng4 13. Bxg7 Kxg7 14. Rfe1
Rxe1+ 15. Rxe1 Nde5 16. a4 Nxf3+ 17. Nxf3 Ne5 18. Nd2 Nxd3 19. Qxd3 Bf5 20. Qe3
Bd7 21. Kf1 Re8 22. Qf4 Rxe1+ 23. Kxe1 Qc7 24. Kd1 a6 25. Ne4 Qb6 26. Qf6+ Kg8
27. Qc3 Kf8 28. Nf6 Qd8 29. Nxh7+ Kg8 30. Qf6 Qb6 31. Qh4 Qxb3+ 32. Ke2 Qc2+
33. Kf3 Qd3+ 34. Kf4 Qxc4+ 35. Kg5 Qxh4+ 0-1

[Event "February TNT"]
[Site "Winnipeg CAN"]
[Date "2018.02.27"]
[Round "4.3"]
[White "Patel, Aalekh"]
[Black "Viznytsya, Yevhen"]
[Result "1/2-1/2"]
[WhiteElo "1628"]
[BlackElo "1547"]
[PlyCount "73"]
[EventDate "2018.02.06"]
[EventType "swiss"]
[EventRounds "4"]
[EventCountry "CAN"]

1. d4 Nf6 2. Nf3 g6 3. e3 Bg7 4. c4 d6 5. Nc3 O-O 6. Be2 Nbd7 7. O-O e5 8. Qc2
exd4 9. exd4 c5 10. d5 Ne5 11. Nxe5 dxe5 12. Bg5 a6 13. Ne4 Bf5 14. Bd3 Bxe4
15. Bxe4 Qd6 16. Bxf6 Qxf6 17. Rab1 Qd6 18. f3 b5 19. b3 f5 20. Bd3 b4 21. g4
e4 22. fxe4 Bd4+ 23. Kh1 fxg4 24. Qg2 Rf3 25. Rxf3 gxf3 26. Qxf3 Rf8 27. Qg4
Kg7 28. Rf1 h5 29. Qe6 Rxf1+ 30. Bxf1 Qf4 31. Qh3 Qxe4+ 32. Qg2 Qxg2+ 33. Bxg2
Kf6 34. Bh3 Be5 35. Kg2 Bd6 36. Be6 h4 37. h3 1/2-1/2

[Event "February TNT"]
[Site "Winnipeg CAN"]
[Date "2018.02.27"]
[Round "4.4"]
[White "Le Dorze, Phil"]
[Black "Flynn, Darren"]
[Result "1-0"]
[WhiteElo "1844"]
[BlackElo "1337"]
[PlyCount "55"]
[EventDate "2018.02.06"]
[EventType "swiss"]
[EventRounds "4"]
[EventCountry "CAN"]

1. d4 Nf6 2. c4 c5 3. Nf3 e6 4. Bg5 cxd4 5. Nxd4 h6 6. Bh4 Be7 7. Nc3 d5 8. e3
O-O 9. Be2 Nc6 10. O-O Nxd4 11. Qxd4 dxc4 12. Qxc4 Bd7 13. Rfd1 Rc8 14. Qb3 Qc7
15. Bg3 e5 16. Rac1 Be6 17. Qa4 Qb6 18. Bxe5 Qxb2 19. Nd5 Qxc1 20. Nxe7+ Kh8
21. Rxc1 Rxc1+ 22. Bd1 Rc5 23. Bd4 Rg5 24. f4 Bd7 25. Qb4 Nd5 26. Nxd5 Rxd5 27.
Qxf8+ Kh7 28. Qxg7# 1-0

[Event "February TNT"]
[Site "Winnipeg CAN"]
[Date "2018.02.27"]
[Round "4.5"]
[White "Furda, Ievgeniia-Diana"]
[Black "Myrzaibraimova, Aibike"]
[Result "1/2-1/2"]
[WhiteElo "1528"]
[BlackElo "1505"]
[PlyCount "57"]
[EventDate "2018.02.06"]
[EventType "swiss"]
[EventRounds "4"]
[EventCountry "CAN"]

1. e4 e5 2. Nf3 Nc6 3. d4 exd4 4. Nxd4 Bc5 5. Be3 d6 6. Nxc6 bxc6 7. Bxc5 dxc5
8. Qxd8+ Kxd8 9. Nc3 Nf6 10. O-O-O+ Ke7 11. Bc4 Re8 12. Rhe1 Kf8 13. h3 h5 14.
Re3 h4 15. Rde1 Nh7 16. Na4 Re5 17. f4 Rh5 18. Be2 Rh6 19. Nxc5 Be6 20. Ba6 Bc8
21. Bc4 g5 22. f5 Nf6 23. Nd3 g4 24. Ne5 Rh7 25. Nxc6 Bb7 26. Ne5 gxh3 27. gxh3
Re8 28. Ng4 Nxg4 29. hxg4 1/2-1/2

[Event "February TNT"]
[Site "Winnipeg CAN"]
[Date "2018.02.27"]
[Round "4.6"]
[White "Myrzaibraimov, Azamat"]
[Black "Magyar, Peter"]
[Result "0-1"]
[WhiteElo "1478"]
[BlackElo "1518"]
[PlyCount "70"]
[EventDate "2018.02.06"]
[EventType "swiss"]
[EventRounds "4"]
[EventCountry "CAN"]

1. e4 e6 2. Nc3 a6 3. Nf3 c5 4. Bc4 d6 5. O-O Be7 6. h3 Nd7 7. a4 Ngf6 8. Ne2
Nxe4 9. d4 Nef6 10. Be3 O-O 11. Nh2 b6 12. Nf4 Bb7 13. dxc5 bxc5 14. Bd3 Qc7
15. Ng4 Qc6 16. f3 Rad8 17. c3 e5 18. Nxf6+ Nxf6 19. Ne2 e4 20. fxe4 Nxe4 21.
Qc2 Nf6 22. Ng3 Rde8 23. Bg5 c4 24. Bf5 g6 25. Bxf6 Bxf6 26. Bg4 Qc5+ 27. Kh1
Re3 28. Rxf6 Rfe8 29. Nf1 Re1 30. Rxe1 Rxe1 31. Qd2 Qe5 32. Qf2 Be4 33. Rxf7
Bd3 34. Rf8+ Kg7 35. Qf6+ Qxf6 0-1

[Event "Feuille d'Erable"]
[Site "Gatineau CAN"]
[Date "2018.10.23"]
[Round "1"]
[White "Desjardins, Michel"]
[Black "Azar, Sebastien"]
[Result "1-0"]
[WhiteElo "1967"]
[BlackElo "1766"]
[PlyCount "109"]
[EventDate "2018.10.23"]
[EventType "swiss"]
[EventRounds "5"]
[EventCountry "CAN"]

1. e4 d6 2. d4 g6 3. Nc3 Bg7 4. Be3 Nd7 5. Qd2 Ngf6 6. Bh6 O-O 7. h4 e5 8. Bxg7
Kxg7 9. d5 Nc5 10. f3 h5 11. O-O-O a5 12. Be2 a4 13. a3 Bd7 14. Nh3 Rb8 15. Nf2
b5 16. Na2 Rb6 17. Nb4 Qe7 18. Kb1 Na6 19. Nxa6 Rxa6 20. g4 Rb6 21. c3 Rc8 22.
Qg5 hxg4 23. fxg4 Ng8 24. Qe3 c5 25. dxc6 Rcxc6 26. g5 Qf8 27. h5 Ne7 28. Bg4
Qc8 29. Qf3 d5 30. h6+ Kg8 31. h7+ Kh8 32. exd5 Rc4 33. Bxd7 Qxd7 34. Qxf7 Qf5+
35. Qxf5 Nxf5 36. Rde1 Rc7 37. Rxe5 Rxh7 38. Rxh7+ Kxh7 39. Ne4 Kg7 40. Kc2
Ne3+ 41. Kc1 Nf5 42. Kd2 Ra6 43. Ke2 Rb6 44. d6 Rb8 45. d7 Kf8 46. Rxb5 Rd8 47.
Nf6 Ke7 48. Re5+ Kd6 49. Re8 Rxd7 50. Nxd7 Kxd7 51. Ra8 Ng3+ 52. Kf3 Nf1 53.
Rxa4 Nd2+ 54. Ke3 Nf1+ 55. Kd4 1-0

[Event "Feuille d'Erable"]
[Site "Gatineau CAN"]
[Date "2018.10.23"]
[Round "1"]
[White "Laurin, Marcel"]
[Black "Jobin, Gilles G"]
[Result "1/2-1/2"]
[WhiteElo "1660"]
[BlackElo "1822"]
[PlyCount "82"]
[EventDate "2018.10.23"]
[EventType "swiss"]
[EventRounds "5"]
[EventCountry "CAN"]

1. d4 d6 2. e4 Nf6 3. Nc3 e5 4. dxe5 dxe5 5. Qxd8+ Kxd8 6. Bg5 c6 7. O-O-O+ Kc7
8. Bc4 Be6 9. Bxe6 fxe6 10. f4 Bd6 11. Nf3 Nfd7 12. fxe5 Nxe5 13. Nd4 Nf7 14.
Nxe6+ Kd7 15. Nxg7 Rg8 16. Bf6 Kc8 17. Nf5 Bf4+ 18. Kb1 Kc7 19. g3 Be5 20. Bh4
Nd7 21. Rhf1 Nd8 22. Ne3 Bxc3 23. bxc3 Ne5 24. Rf5 Ndf7 25. h3 Rae8 26. g4 Nd6
27. Rh5 Nxe4 28. Rxh7+ Kb6 29. Kb2 Nc5 30. Rb1 Ka6 31. Ka1 Ng6 32. Bf2 Rh8 33.
Rxh8 Rxh8 34. Nc4 Ne4 35. Bd4 Rxh3 36. Rb3 c5 37. Ra3+ Kb5 38. Nd6+ Nxd6 39.
c4+ Nxc4 40. Rxh3 cxd4 41. Rh5+ Kc6 1/2-1/2

[Event "Feuille d'Erable"]
[Site "Gatineau CAN"]
[Date "2018.10.30"]
[Round "2"]
[White "Jobin, Gilles G"]
[Black "Latreille, Etienne"]
[Result "0-1"]
[WhiteElo "1822"]
[BlackElo "1478"]
[PlyCount "46"]
[EventDate "2018.10.23"]
[EventType "swiss"]
[EventRounds "5"]
[EventCountry "CAN"]

1. e4 d5 2. Nc3 dxe4 3. Nxe4 Bf5 4. Ng3 Bg6 5. d4 e6 6. Nf3 Bd6 7. c4 c6 8. Bd2
Nf6 9. Ne5 Nbd7 10. Bc3 Qc7 11. f4 Rd8 12. Qf3 c5 13. Nxg6 hxg6 14. dxc5 Bxf4
15. Ne4 Nxe4 16. Qxe4 Nxc5 17. Qf3 Bg3+ 18. hxg3 Rxh1 19. Kf2 Nd3+ 20. Bxd3
Rxa1 21. Bxg7 Qc5+ 22. Ke2 Qg1 23. Bc3 Qd1+ 0-1

[Event "Feuille d'Erable"]
[Site "Gatineau CAN"]
[Date "2018.11.06"]
[Round "3"]
[White "Danilov, Alex"]
[Black "Raymond, Daniel"]
[Result "1/2-1/2"]
[WhiteElo "1669"]
[BlackElo "1633"]
[PlyCount "99"]
[EventDate "2018.10.23"]
[EventType "swiss"]
[EventRounds "5"]
[EventCountry "CAN"]

1. Nf3 d5 2. d4 e6 3. Bf4 c5 4. e3 Nc6 5. c3 Nf6 6. Nbd2 Be7 7. dxc5 Bxc5 8.
Bd3 O-O 9. b4 Bd6 10. Bg5 h6 11. Bh4 Ne5 12. Bc2 Ng6 13. g4 Nxh4 14. Nxh4 Qc7
15. Rc1 Be5 16. f4 Bxc3 17. g5 hxg5 18. fxg5 Qc4 19. Nhf3 Ng4 20. Qe2 Qxe2+ 21.
Kxe2 Ne5 22. a3 Bd7 23. Nxe5 Bxe5 24. Nf3 Bd6 25. Nd4 Rac8 26. h4 e5 27. Nb3
Bg4+ 28. Kd2 g6 29. Bd1 Rxc1 30. Nxc1 Bxd1 31. Kxd1 Rc8 32. Ne2 Be7 33. Kd2 Rc4
34. Nc3 d4 35. Nd5 dxe3+ 36. Ke2 Kf8 37. Kxe3 Ke8 38. Ke2 Rc2+ 39. Kd3 Ra2 40.
Re1 Rxa3+ 41. Kc4 Kd7 42. Rxe5 Bd6 43. Re4 Rf3 44. Nf6+ Kc7 45. Rd4 Bh2 46.
Rd7+ Kc6 47. b5+ Kb6 48. Nd5+ Ka5 49. Rxb7 Bg1 50. Rd7 1/2-1/2

[Event "Feuille d'Erable"]
[Site "Gatineau CAN"]
[Date "2018.11.06"]
[Round "3"]
[White "Gagnon, Fabien"]
[Black "Thibault, Mario"]
[Result "1-0"]
[WhiteElo "1892"]
[BlackElo "1840"]
[PlyCount "83"]
[EventDate "2018.10.23"]
[EventType "swiss"]
[EventRounds "5"]
[EventCountry "CAN"]

1. d4 Nf6 2. Nf3 g6 3. c4 Bg7 4. Nc3 d6 5. g3 O-O 6. Bg2 c6 7. O-O Qa5 8. e4
Bg4 9. h3 Bxf3 10. Qxf3 Qb4 11. Qd3 Nbd7 12. Bd2 e5 13. Nb5 Qxb2 14. Bc3 Qxa1
15. Bxa1 cxb5 16. cxb5 Rfc8 17. f4 exf4 18. gxf4 Rc7 19. e5 dxe5 20. fxe5 Nh5
21. Bd5 Nf8 22. Qb3 Kh8 23. Rxf7 Rc1+ 24. Rf1 Rac8 25. Bb2 R1c2 26. Bxb7 R8c7
27. Bc6 Re2 28. Ba3 Bh6 29. Bxf8 Be3+ 30. Qxe3 Rxe3 31. Bd6 Rg7 32. Bd5 h6 33.
e6 Kh7 34. Be5 Rxe5 35. dxe5 Ng3 36. Rf7 Nf5 37. a4 Ne7 38. Bb7 Kg8 39. Rxg7+
Kxg7 40. a5 Kf8 41. a6 Ke8 42. b6 1-0

[Event "Feuille d'Erable"]
[Site "Gatineau CAN"]
[Date "2018.11.13"]
[Round "4"]
[White "Arsenault, Michel"]
[Black "Latreille, Etienne"]
[Result "1-0"]
[WhiteElo "1875"]
[BlackElo "1478"]
[PlyCount "107"]
[EventDate "2018.10.23"]
[EventType "swiss"]
[EventRounds "5"]
[EventCountry "CAN"]

1. c4 c5 2. g3 Nc6 3. Bg2 g6 4. Nc3 Bg7 5. a3 Nf6 6. Rb1 a5 7. Nf3 O-O 8. O-O
d6 9. d3 Bd7 10. Bd2 Qc8 11. Na4 Ra6 12. Qb3 Qc7 13. Bc3 Na7 14. Nd2 Rb8 15.
Bxf6 Bxa4 16. Qxa4 Bxf6 17. Ne4 b5 18. Nxf6+ exf6 19. cxb5 Nxb5 20. e3 Qa7 21.
Rfc1 Rab6 22. Rc4 Qa6 23. Rbc1 Na7 24. d4 Rxb2 25. dxc5 dxc5 26. Bf1 Qb5 27.
Qxb5 Nxb5 28. Rxc5 Nxa3 29. Rxa5 Nb5 30. Rc6 Kg7 31. Raa6 f5 32. Rab6 Na7 33.
Rxb2 Nxc6 34. Rxb8 Nxb8 35. Bb5 Kf6 36. Kg2 Ke7 37. h4 h5 38. Kf3 Nd7 39. Bxd7
Kxd7 40. Kf4 f6 41. e4 fxe4 42. Kxe4 Ke6 43. Kf4 Kd6 44. f3 Ke6 45. g4 hxg4 46.
fxg4 g5+ 47. hxg5 fxg5+ 48. Kxg5 Kf7 49. Kh6 Kg8 50. Kg6 Kh8 51. Kh6 Kg8 52. g5
Kh8 53. g6 Kg8 54. g7 1-0

[Event "Feuille d'Erable 45/30"]
[Site "Gatineau CAN"]
[Date "2018.10.30"]
[Round "2"]
[White "Celac, Natalia"]
[Black "Seguin, Hubert"]
[Result "0-1"]
[WhiteElo "884"]
[BlackElo "1564"]
[PlyCount "60"]
[EventDate "2018.10.23"]
[EventType "swiss"]
[EventRounds "5"]
[EventCountry "CAN"]

1. e4 c5 2. Be2 Nc6 3. d3 g6 4. Be3 Bg7 5. Bxc5 Qa5+ 6. b4 Nxb4 7. Bxb4 Qxb4+
8. c3 Bxc3+ 9. Kf1 Bxa1 10. Nd2 Bg7 11. Ngf3 d6 12. d4 Bxd4 13. Nxd4 Qxd4 14.
a3 Bd7 15. h3 Rc8 16. Bc4 Rxc4 17. Qe2 Rc1+ 18. Qe1 Qd3+ 19. Kg1 Rxe1+ 20. Nf1
Qxf1+ 21. Kh2 Qxh1+ 22. Kg3 Rg1 23. Kf3 Qxg2+ 24. Ke3 Re1+ 25. Kd2 Qxf2+ 26.
Kd3 Bb5+ 27. Kc3 Qc5+ 28. Kd2 Qe3+ 29. Kc2 Re2+ 30. Kd1 Qg5 0-1

[Event "Feuille d'Erable 45/30"]
[Site "Gatineau CAN"]
[Date "2018.11.13"]
[Round "4"]
[White "Lepine, Louis"]
[Black "Arcand, Pierre"]
[Result "0-1"]
[WhiteElo "1025"]
[BlackElo "1175"]
[PlyCount "54"]
[EventDate "2018.10.23"]
[EventType "swiss"]
[EventRounds "5"]
[EventCountry "CAN"]

1. d4 d5 2. Bf4 Nf6 3. Nc3 e6 4. e3 a6 5. Bd3 Bb4 6. Nge2 O-O 7. O-O Nc6 8. f3
Re8 9. Ng3 e5 10. dxe5 Nxe5 11. Bxe5 Rxe5 12. e4 Bxc3 13. bxc3 dxe4 14. fxe4
Bg4 15. Qe1 Nd5 16. c4 Nf6 17. Rb1 Rb8 18. c3 Qxd3 19. Rd1 Bxd1 20. Qxd1 Rd8
21. Qe1 Qxc4 22. Rxf6 gxf6 23. Nf5 Rxf5 24. exf5 Qc5+ 25. Kh1 Qxf5 26. h3 Qe5
27. Qxe5 fxe5 0-1

[Event "Feuille d'Erable U1600"]
[Site "Gatineau CAN"]
[Date "2018.10.30"]
[Round "2"]
[White "Raymond, Robert"]
[Black "Pearce, Thomas"]
[Result "1/2-1/2"]
[WhiteElo "1261"]
[BlackElo "1521"]
[PlyCount "65"]
[EventDate "2018.10.23"]
[EventType "swiss"]
[EventRounds "5"]
[EventCountry "CAN"]

1. e4 e6 2. d3 Nc6 3. Nf3 Bc5 4. Be2 b5 5. O-O Bb7 6. c3 Nge7 7. d4 Bb6 8. Be3
a6 9. Nbd2 d5 10. e5 O-O 11. Bf4 Nf5 12. Bd3 Nce7 13. Bg5 Qd7 14. Bxe7 Nxe7 15.
Bf5 exf5 16. Re1 c5 17. Nf1 Rac8 18. Rc1 Rc6 19. Ng3 Bc8 20. Qd3 g6 21. Qd2 Bd8
22. Ne2 g5 23. Kh1 Rg6 24. Nfg1 f4 25. g3 fxg3 26. fxg3 h5 27. Rf1 f6 28. Qc2
Kg7 29. Rf2 fxe5 30. Rxf8 Kxf8 31. Rf1+ Kg8 32. Nf3 e4 33. Ne5 {etc.} 1/2-1/2

[Event "Feuille d'Erable U1600"]
[Site "Gatineau CAN"]
[Date "2018.11.13"]
[Round "4"]
[White "Dupont-Mageau, Nicolas"]
[Black "Iyamuremye, Gervais"]
[Result "1-0"]
[WhiteElo "1500"]
[BlackElo "1472"]
[PlyCount "65"]
[EventDate "2018.10.23"]
[EventType "swiss"]
[EventRounds "5"]
[EventCountry "CAN"]

1. e4 e5 2. Nf3 Nc6 3. Bb5 d6 4. d4 exd4 5. Nxd4 Bd7 6. Nxc6 Bxc6 7. Bxc6+ bxc6
8. O-O Be7 9. c4 Nf6 10. Nc3 O-O 11. b3 Nd7 12. Bb2 Bf6 13. f4 Re8 14. Qf3 Bd4+
15. Kh1 f6 16. e5 dxe5 17. Qxc6 Qc8 18. Rad1 Nc5 19. Nb5 Bxb2 20. Qxc5 Rd8 21.
Rxd8+ Qxd8 22. Nxc7 Rc8 23. Qd5+ Kh8 24. Qxd8+ Rxd8 25. Nd5 exf4 26. Nxf4 Rd2
27. Re1 Be5 28. g3 Rxa2 29. Nd3 h6 30. Nxe5 fxe5 31. Rxe5 Rb2 32. Re3 a5 33.
Rc3 1-0

[Event "Garry Kasparov"]
[Site "Trois-Rivieres CAN"]
[Date "2018.09.10"]
[Round "1"]
[White "Lemyre, Jasmin"]
[Black "Trottier, Louis"]
[Result "1-0"]
[WhiteElo "1309"]
[BlackElo "959"]
[PlyCount "57"]
[EventDate "2018.09.10"]
[EventType "swiss"]
[EventRounds "5"]
[EventCountry "CAN"]

1. e4 e5 2. Nf3 Nf6 3. Nxe5 d6 4. Nf3 Nxe4 5. Qe2 d5 6. d3 Bf5 7. dxe4 Bg6 8.
exd5+ Qe7 9. Qxe7+ Bxe7 10. Bb5+ c6 11. dxc6 Nxc6 12. Bxc6+ bxc6 13. c3 O-O 14.
O-O h6 15. Ne5 Be4 16. Be3 Rfd8 17. Nd2 Rd5 18. Nxc6 Rxd2 19. Nxe7+ Kf8 20.
Bxd2 Rd8 21. Bf4 Kxe7 22. Rfe1 f5 23. f3 g5 24. Bxg5+ hxg5 25. fxe4 Kf6 26.
exf5 g4 27. Rad1 Rxd1 28. Rxd1 Kxf5 29. c4 1-0

[Event "Garry Kasparov"]
[Site "Trois-Rivieres CAN"]
[Date "2018.10.08"]
[Round "5"]
[White "Cantin, Jean"]
[Black "Lemyre, Jasmin"]
[Result "0-1"]
[WhiteElo "1068"]
[BlackElo "1309"]
[PlyCount "48"]
[EventDate "2018.09.10"]
[EventType "swiss"]
[EventRounds "5"]
[EventCountry "CAN"]

1. d4 d5 2. Bf4 e6 3. Nf3 c5 4. c3 Bd6 5. Bg3 Bxg3 6. hxg3 cxd4 7. Qxd4 Nf6 8.
Nbd2 Nc6 9. Qa4 Qb6 10. Qc2 h6 11. e3 Ng4 12. Nb3 Bd7 13. O-O-O Rc8 14. Nfd4
Nb4 15. Qe2 e5 16. Nc2 Nxa2+ 17. Kb1 Nxc3+ 18. bxc3 Qxb3+ 19. Kc1 Rxc3 20. Rd2
O-O 21. f3 Nxe3 22. Rh4 Bb5 23. Qe1 Qa3+ 24. Kb1 Rb3# 0-1

[Event "Golden Horseshoe op"]
[Site "Mississauga CAN"]
[Date "2018.06.02"]
[Round "1.2"]
[White "Profit, Brian"]
[Black "Sambuev, Bator"]
[Result "0-1"]
[WhiteElo "2054"]
[BlackElo "2589"]
[PlyCount "80"]
[EventDate "2018.06.02"]
[EventType "swiss"]
[EventRounds "5"]
[EventCountry "CAN"]

1. d4 g6 2. c4 Bg7 3. e4 d6 4. Nc3 e5 5. Nge2 exd4 6. Nxd4 Ne7 7. Be3 O-O 8.
Be2 Nbc6 9. O-O f5 10. exf5 Bxd4 11. Bxd4 Nxf5 12. Be3 Nxe3 13. fxe3 Be6 14.
Qd2 Qg5 15. Rxf8+ Rxf8 16. Rf1 Rxf1+ 17. Kxf1 Ne7 18. b3 Qe5 19. Qd4 Qf5+ 20.
Qf4 a6 21. Kf2 g5 22. Qxf5 Bxf5 23. Bf3 Bc8 24. Nd5 Nxd5 25. Bxd5+ Kg7 26. Kf3
Kf6 27. h3 Ke5 28. Bg8 Bf5 29. Ke2 h5 30. Bf7 h4 31. Bh5 Bb1 32. Kd2 a5 33. Bf3
c6 34. a3 Be4 35. b4 axb4 36. axb4 d5 37. Kc3 b6 38. cxd5 cxd5 39. Kb3 Bd3 40.
Kc3 Bf1 0-1

[Event "Golden Horseshoe op"]
[Site "Mississauga CAN"]
[Date "2018.06.02"]
[Round "1.5"]
[White "Buscar, Michael"]
[Black "Feng, Richard"]
[Result "1-0"]
[WhiteElo "2215"]
[BlackElo "1993"]
[PlyCount "37"]
[EventDate "2018.06.02"]
[EventType "swiss"]
[EventRounds "5"]
[EventCountry "CAN"]

1. d4 f5 2. g3 g6 3. Bg2 Nf6 4. Nh3 Bg7 5. Nd2 d5 6. Nf3 O-O 7. Nf4 Ne4 8. h4
Rf6 9. c3 c6 10. Nd3 h5 11. Bf4 Nd7 12. Nfe5 Qb6 13. Qb3 Re6 14. Nxd7 Bxd7 15.
Bxe4 Rxe4 16. Nc5 Be6 17. f3 Rxf4 18. Qxb6 axb6 19. Nxe6 1-0

[Event "Golden Horseshoe op"]
[Site "Mississauga CAN"]
[Date "2018.06.02"]
[Round "1.8"]
[White "Noor Ali, Aahil"]
[Black "Lin, Benjamin"]
[Result "0-1"]
[WhiteElo "2047"]
[BlackElo "2093"]
[PlyCount "96"]
[EventDate "2018.06.02"]
[EventType "swiss"]
[EventRounds "5"]
[EventCountry "CAN"]

1. d4 d5 2. c4 c6 3. Nc3 Nf6 4. e3 e6 5. Bd3 dxc4 6. Bxc4 b5 7. Bd3 Bb7 8. Nge2
Be7 9. O-O O-O 10. Bd2 Nbd7 11. f3 a6 12. e4 e5 13. Be3 exd4 14. Nxd4 Ne5 15.
Be2 Bc5 16. Kh1 Qb6 17. f4 Ng6 18. e5 Nd5 19. Nxd5 cxd5 20. Qd2 b4 21. Rac1
Rfe8 22. Nf5 Bxe3 23. Qxe3 Qxe3 24. Nxe3 Nxe5 25. fxe5 Rxe5 26. Nf5 Rxe2 27.
Rc7 Rb8 28. Rxf7 Kxf7 29. Nd4+ Ke7 30. Nxe2 Rf8 31. Rxf8 Kxf8 32. Nd4 Ke7 33.
Kg1 Kf6 34. Kf2 g5 35. Ke3 h5 36. g3 a5 37. a3 bxa3 38. bxa3 Ke5 39. h3 Bc8 40.
Nf3+ Kf6 41. Ng1 g4 42. h4 Ba6 43. Kd4 Bc4 44. a4 Ke6 45. Kc3 Ke5 46. Kd2 Kd4
47. Kc2 Ke3 48. Kc3 Kf2 0-1

[Event "Golden Horseshoe op"]
[Site "Mississauga CAN"]
[Date "2018.06.02"]
[Round "1.9"]
[White "Kang, Dorian"]
[Black "Nemati, Omid"]
[Result "1-0"]
[WhiteElo "2102"]
[BlackElo "1972"]
[PlyCount "63"]
[EventDate "2018.06.02"]
[EventType "swiss"]
[EventRounds "5"]
[EventCountry "CAN"]

1. c4 c5 2. Nc3 Nc6 3. Nf3 Nf6 4. g3 e6 5. Bg2 d5 6. cxd5 exd5 7. d4 Be7 8. O-O
O-O 9. Bg5 cxd4 10. Nxd4 Be6 11. Rc1 Rc8 12. a3 h6 13. Bxf6 Bxf6 14. Nxc6 bxc6
15. Na4 Qd6 16. b4 Qe5 17. e3 Rfd8 18. Nc5 Qb2 19. Qa4 Bf5 20. Nb7 Rd7 21. Rxc6
Rxb7 22. Rxc8+ Bxc8 23. Qe8+ Kh7 24. Qxc8 Rb5 25. Qd7 a6 26. Bxd5 Qxa3 27. Qxf7
Qxb4 28. Qg8+ Kg6 29. Qe8+ Kf5 30. Qe6+ Kg6 31. Be4+ Kg5 32. f4+ 1-0